ARRUPE JESUIT UNIVERSITY

CORONAVIRUS -STOP THE SPREAD - CLEAN,DISINFECT,COVER

Business Finance (Record no. 130943)

MARC details
000 -LEADER
fixed length control field 00661nam a22001937a 4500
008 - FIXED-LENGTH DATA ELEMENTS--GENERAL INFORMATION
fixed length control field 211026b ||||| |||| 00| 0 eng d
020 ## - INTERNATIONAL STANDARD BOOK NUMBER
International Standard Book Number 9780273750451
050 ## - LIBRARY OF CONGRESS CALL NUMBER
Classification number HG4026.M388 2011
100 ## - MAIN ENTRY--PERSONAL NAME
Personal name Mclaney, Eddie
9 (RLIN) 50593
245 ## - TITLE STATEMENT
Title Business Finance
Remainder of title theory and practice
Statement of responsibility, etc /by Eddie Mclaney
250 ## - EDITION STATEMENT
Edition statement 9th. ed.
260 ## - PUBLICATION, DISTRIBUTION, ETC. (IMPRINT)
Place of publication, distribution, etc Harlow:
Name of publisher, distributor, etc Pearson,
Date of publication, distribution, etc c2011.
300 ## - PHYSICAL DESCRIPTION
Extent xviii, 518p.;
Dimensions 27cm.
650 ## - SUBJECT ADDED ENTRY--TOPICAL TERM
Topical term or geographic name as entry element Business enterprises
General subdivision Finance
9 (RLIN) 50594
650 ## - SUBJECT ADDED ENTRY--TOPICAL TERM
Topical term or geographic name as entry element Business enterprises
General subdivision Finance
-- Problems, exercises
9 (RLIN) 50595
650 ## - SUBJECT ADDED ENTRY--TOPICAL TERM
Topical term or geographic name as entry element Corporations
General subdivision Finance
9 (RLIN) 41215
650 ## - SUBJECT ADDED ENTRY--TOPICAL TERM
Topical term or geographic name as entry element Corporations
General subdivision Finance
-- Problems, exercises
9 (RLIN) 50596
942 ## - ADDED ENTRY ELEMENTS (KOHA)
Source of classification or shelving scheme Library of Congress Classification
Item type Monograph ( Printed materials)
Holdings
Withdrawn status Lost status Source of classification or shelving scheme Damaged status Not for loan Collection code Home library Current library Shelving location Date acquired Total Checkouts Full call number Barcode Date last seen Copy number Price effective from Koha item type
    Library of Congress Classification     Main Collection ARRUPE LIBRARY ARRUPE LIBRARY Main Collection 26/10/2021   HG4026.M388 2011 46600008010 26/10/2021 1 26/10/2021 Monograph ( Printed materials)

 

Arrupe Library. PO Box MP320 Mt Pleasant, Harare, Zimbabwe
263 242 745411|librarian@aju.ac.zw